Microsoft office 97 professional. / (Record no. 2491)

MARC details
000 -LEADER
fixed length control field 00986nam a22002057a 4500
008 - FIXED-LENGTH DATA ELEMENTS--GENERAL INFORMATION
fixed length control field 121102t xxu||||| |||| 00| 0 eng d
020 ## - INTERNATIONAL STANDARD BOOK NUMBER
International Standard Book Number 0256260044
050 ## - LIBRARY OF CONGRESS CALL NUMBER
Classification number Z52.5.M52.H97
100 ## - MAIN ENTRY--PERSONAL NAME
Personal name Hutchinson, Sarah E.
245 ## - TITLE STATEMENT
Title Microsoft office 97 professional. /
Statement of responsibility, etc. Sarah E. Hutchinson and Glen J. Coulthard
260 ## - PUBLICATION, DISTRIBUTION, ETC.
Place of publication, distribution, etc. Boston:
Name of publisher, distributor, etc. Irwin McGraw Hill,
Date of publication, distribution, etc. c1997.
300 ## - PHYSICAL DESCRIPTION
Extent xii, various pagings
Other physical details ill
Dimensions 28cm.
500 ## - GENERAL NOTE
General note Includes index.
505 ## - FORMATTED CONTENTS NOTE
Formatted contents note Contents: Microsoft word 97 for windows: Fundamentals -- Character and paragraph formatting -- Editing and proofing tools -- Printing and document management -- Increasing your productivity -- Appendix -- Microsoft excel 97 for windows: fundamentals -- Working with spreadsheets -- Increasing your productivity -- Managing a workbook -- Creating charts -- Appendix.
650 ## - SUBJECT ADDED ENTRY--TOPICAL TERM
Topical term following geographic name entry element Microsoft Office.
650 ## - SUBJECT ADDED ENTRY--TOPICAL TERM
Topical term or geographic name entry element Microsoft Word.
650 ## - SUBJECT ADDED ENTRY--TOPICAL TERM
Topical term or geographic name entry element Microsoft Excel (Computer file)
700 ## - ADDED ENTRY--PERSONAL NAME
Personal name Coulthard, Glen J.
942 ## - ADDED ENTRY ELEMENTS (KOHA)
Source of classification or shelving scheme Library of Congress Classification
Koha item type Books
Holdings
Withdrawn status Lost status Source of classification or shelving scheme Damaged status Not for loan Home library Current library Shelving location Date acquired Total Checkouts Full call number Barcode Date last seen Price effective from Koha item type
    Library of Congress Classification     WISCONSIN INTERNATIONAL UNIVERSITY COLLEGE, GHANA - MAIN LIBRARY WISCONSIN INTERNATIONAL UNIVERSITY COLLEGE, GHANA - MAIN LIBRARY General Stacks 02/11/2012   Z52.5.M52.H97 5830/12 02/11/2012 02/11/2012 Books

If you have any concerns or questions; kindly contact the library


© Powered by WIUC ICT DIRECTORATE